Normal view
MARC view
- Kirk, Jeremy.
Entry Personal Name
001 - CONTROL NUMBER
- control field: 45266
003 - CONTROL NUMBER IDENTIFIER
- control field: OSt
005 - DATE AND TIME OF LATEST TRANSACTION
- control field: 20220527160800.0
008 - FIXED-LENGTH DATA ELEMENTS
- fixed length control field: 220527|| aca||aabn | a|a d
040 ## - CATALOGING SOURCE
- Original cataloging agency: OSt
- Transcribing agency: OSt
100 ## - HEADING--PERSONAL NAME
- Personal name: Kirk, Jeremy.
670 ## - SOURCE DATA FOUND
- Source citation: Work cat.: (OSt): Kirk, Jeremy., After RSA breach, securID tokens in jeopardy?/, ©2010-2011.
